[Event "Rio de Janeiro op 3rd"]
[Site "Rio de Janeiro"]
[Date "2024.04.25"]
[Round "6"]
[White "Leite, Lucas Bueno De Oliv"]
[Black "Rodrigues, Yasmin De Oliveira"]
[Result "0-1"]
[WhiteElo "1529"]
[BlackElo "1671"]
[PlyCount "34"]
[EventDate "2024.04.22"]
[EventType "swiss"]
[EventRounds "9"]
[EventCountry "BRA"]
[SourceTitle "CB18_2024"]
[SourceDate "2024.05.01"]
[SourceVersion "1"]
[SourceVersionDate "2024.05.01"]
[SourceQuality "2"]

1. e4 c5 2. Nf3 e6 3. c3 Nc6 4. d4 d5 5. e5 cxd4 6. cxd4 Nge7 7. Na3 Nf5 8. Nc2 f6 9. Bd3 Be7 10. 0-0 0-0 11. Qe2 fxe5 12. Bxf5 Rxf5 13. Nxe5 Nxe5 14. dxe5 Qc7 15. f4 Bd7 16. Kh1 a6 17. Qg4 Qxc2 0-1

[Event "Rio de Janeiro op 3rd"]
[Site "Rio de Janeiro"]
[Date "2024.04.23"]
[Round "3"]
[White "Rodrigues, Yasmin De Oliveira"]
[Black "Rodrigues Jr, Robson Nunes"]
[Result "0-1"]
[WhiteElo "1671"]
[BlackElo "1800"]
[PlyCount "88"]
[EventDate "2024.04.22"]
[EventType "swiss"]
[EventRounds "9"]
[EventCountry "BRA"]
[SourceTitle "CB18_2024"]
[SourceDate "2024.05.01"]
[SourceVersion "1"]
[SourceVersionDate "2024.05.01"]
[SourceQuality "2"]

1. e4 e6 2. d4 d5 3. e5 c5 4. c3 Nc6 5. Nf3 Bd7 6. Be2 Qb6 7. a3 a5 8. 0-0 cxd4 9. cxd4 Nge7 10. Nc3 Nf5 11. Nb5 Nxe5 12. dxe5 Bxb5 13. Bxb5+ Qxb5 14. Nd4 Nxd4 15. Qxd4 Rc8 16. a4 Qb4 17. Qxb4 Bxb4 18. Be3 Kd7 19. Rac1 Rc6 20. Bd4 Rhc8 21. Rxc6 Rxc6 22. f4 Bc5 23. Bxc5 Rxc5 24. Rf3 Rc2 25. Rg3 g6 26. Rb3 Kc6 27. g3 h6 28. h4 h5 29. Kf1 Kc5 30. Rb5+ Kc6 31. Rb3 Rc4 32. Ra3 Kc5 33. Ke1 Rc2 34. Rb3 Rc4 35. Ra3 Rb4 36. b3 Kd4 37. Kd2 Ke4 38. Ke2 d4 39. Kf2 d3 40. Ra1 Rxb3 41. Re1+ Kd4 42. Rc1 Rb2+ 43. Kf3 d2 44. Rc7 d1Q# 0-1

[Event "Rio de Janeiro op 3rd"]
[Site "Rio de Janeiro"]
[Date "2024.04.22"]
[Round "1"]
[White "Souza, Iago Henrique Da Si"]
[Black "Rodrigues, Yasmin De Oliveira"]
[Result "1-0"]
[WhiteElo "2052"]
[BlackElo "1671"]
[PlyCount "77"]
[EventDate "2024.04.22"]
[EventType "swiss"]
[EventRounds "9"]
[EventCountry "BRA"]
[SourceTitle "CB18_2024"]
[SourceDate "2024.05.01"]
[SourceVersion "1"]
[SourceVersionDate "2024.05.01"]
[SourceQuality "2"]

1. d4 d5 2. Nf3 Nf6 3. Bg5 Nbd7 4. Nbd2 h6 5. Bh4 e6 6. e3 c5 7. c3 Be7 8. Bd3 c4 9. Bc2 Bd6 10. e4 Be7 11. e5 Nh7 12. Bg3 Ng5 13. Ng1 0-0 14. h4 Nh7 15. Qb1 f5 16. Ne2 Re8 17. Nf4 Nhf8 18. h5 Bg5 19. Nf3 b5 20. a3 Rb8 21. Qd1 a5 22. Qd2 Bxf4 23. Bxf4 Qe7 24. Rh3 b4 25. axb4 axb4 26. Rg3 bxc3 27. bxc3 Qf7 28. Bxh6 Qxh5 29. Rxg7+ Kh8 30. Ng5 Qxh6 31. Nf7+ Kxg7 32. Nxh6 Ng6 33. 0-0-0 Rh8 34. Rh1 Ra8 35. Qg5 Ra1+ 36. Bb1 Ra3 37. Bxf5 Ndf8 38. Qf6+ Kh7 39. Qf7# 1-0

[Event "Rio de Janeiro op 2nd"]
[Site "Rio de Janeiro"]
[Date "2023.05.03"]
[Round "2"]
[White "Rodrigues, Yasmin De Oliveira"]
[Black "De Freitas, Julio Eimard"]
[Result "1/2-1/2"]
[WhiteElo "1383"]
[BlackElo "1810"]
[PlyCount "46"]
[EventDate "2023.05.02"]
[EventType "swiss"]
[EventRounds "9"]
[EventCountry "BRA"]
[SourceTitle "CBM 214 Extra"]
[Source "ChessBase"]
[SourceDate "2023.07.31"]
[SourceVersion "1"]
[SourceVersionDate "2023.07.31"]
[SourceQuality "1"]

1. e4 c5 2. Nf3 d6 3. d4 cxd4 4. Nxd4 Nf6 5. Nc3 g6 6. Be2 Bg7 7. 0-0 0-0 8. Be3 Nc6 9. Kh1 Bd7 10. f4 Rc8 11. g4 Na5 12. g5 Rxc3 13. gxf6 Rxe3 14. fxg7 Kxg7 15. Ne6+ Bxe6 16. Qd4+ f6 17. Qxe3 Nc6 18. a3 Qa5 19. b4 Qa4 20. c4 Qc2 21. Rfc1 Qb2 22. Rab1 Qd4 23. Qf3 f5 1/2-1/2